| 000 | 00543nam a22001937a 4500 | ||
|---|---|---|---|
| 005 | 20140927120822.0 | ||
| 008 | 140927b xxu||||| |||| 00| 0 eng d | ||
| 020 |
_a8187360941 _c100.00 |
||
| 040 | _aLoreto College | ||
| 041 | _aBengali | ||
| 082 |
_a398.20954 _bMAJ |
||
| 100 | _aMajumdar, Dibyojyoti | ||
| 245 |
_aPaschimbanger adibasi rupkatha _cDibyojyoti Majumdar |
||
| 260 |
_aKolkata _bLoksanskriti & adibasi sanskriti kendra _c2006 |
||
| 300 |
_a256p. _b23cm. |
||
| 650 | _aFolk tales-West Bengal | ||
| 850 | _aLCLIB | ||
| 942 | _cBK | ||
| 999 |
_c39507 _d89986 |
||